Hindu nationalism and governance / (Record no. 17649)

MARC details
000 -LEADER
fixed length control field 00802nam a22002297a 4500
005 - DATE AND TIME OF LATEST TRANSACTION
control field 20081022121154.0
008 - FIXED-LENGTH DATA ELEMENTS--GENERAL INFORMATION
fixed length control field 081022t xxu||||| |||| 00| 0 eng d
010 ## - LIBRARY OF CONGRESS CONTROL NUMBER
LC control number ENG-84311
020 ## - INTERNATIONAL STANDARD BOOK NUMBER
International Standard Book Number 0195679229
020 ## - INTERNATIONAL STANDARD BOOK NUMBER
Terms of availability 695.00 (hb)
035 ## - SYSTEM CONTROL NUMBER
System control number EN-67844
082 ## - DEWEY DECIMAL CLASSIFICATION NUMBER
Classification number 320.55
245 ## - TITLE STATEMENT
Title Hindu nationalism and governance /
Statement of responsibility, etc edited by John McGuire and Ian Copland
260 ## - PUBLICATION, DISTRIBUTION, ETC. (IMPRINT)
Place of publication, distribution, etc New Delhi
Name of publisher, distributor, etc Oxford University Press
260 ## - PUBLICATION, DISTRIBUTION, ETC. (IMPRINT)
Date of publication, distribution, etc 2007
300 ## - PHYSICAL DESCRIPTION
Extent xi,476p
Dimensions 22cm
500 ## - GENERAL NOTE
General note Includes bibliographical references
700 ## - ADDED ENTRY--PERSONAL NAME
Personal name Copland, Ian
Titles and other words associated with a name ed
700 ## - ADDED ENTRY--PERSONAL NAME
Personal name McGuire, John
Titles and other words associated with a name ed
942 ## - ADDED ENTRY ELEMENTS (KOHA)
Source of classification or shelving scheme Dewey Decimal Classification
Koha item type English Books
Classification part 320.55
Call number suffix HIN
Holdings
Withdrawn status Lost status Source of classification or shelving scheme Damaged status Not for loan Collection code Home library Current library Date acquired Cost, normal purchase price Total Checkouts Full call number Barcode Date last seen Copy number Cost, replacement price Price effective from Koha item type
    Dewey Decimal Classification   Not For Loan Non-fiction D.B.Act.Division D.B.Act.Division 28/02/2007 695.00   320.55 HIN EN-67844 04/11/2008 1 695.00 04/11/2008 English Books

© Delhi Public Library
Hit Counter
free hit counter